000
00289nam a22001337a 4500
082
_a
P-189
100
_a
Mubasher
_9
47927
245
_a
Risalpur By Pass
_c
Rashid
260
_a
MCE Risalpur
526
_a
0
_b
0
_c
0
_d
P_189
650
_a
Project
700
_a
Nasim
_9
47928
942
_2
ddc
_c
BK
999
_c
551009
_d
551009